| 000 | 00944nam a2200193Ia 4500 | ||
|---|---|---|---|
| 008 | 151121s9999||||xx |||||||||||||| ||und|| | ||
| 082 | _a813/आमले | ||
| 082 | _bHNW-115744 | ||
| 100 | _aआमले रवी | ||
| 245 | _aमॅन हंट (बिन लादेन च्या शोधाची थरारक सत्यकथा 9/11 ते ऍबटाबाद ) | ||
| 260 | _b"डायमंड बुक स्टॉल, सांगली।" | ||
| 260 | _c2014 | ||
| 300 | _a322 | ||
| 600 | _aआमले रवी | ||
| 630 | _aमॅन हंट (बिन लादेन च्या शोधाची थरारक सत्यकथा 9/11 ते ऍबटाबाद ) | ||
| 700 | _aआमले रवी | ||
| 730 | _aमॅन हंट (बिन लादेन च्या शोधाची थरारक सत्यकथा 9/11 ते ऍबटाबाद ) | ||
| 942 | _cBOOK | ||
| 999 |
_c1264447 _d1264444 |
||